Statistics for Nantes Biggest Transfers

Click here to take the quiz!

General Stats

  • This quiz has been taken 6 times
  • The average score is 34 of 97

Answer Stats

% Correct
OutgoingsAlgeriaSTAndy Delort23/24Umm Salal
100%
IncomingsAlgeriaSTAndy Delort23/24Nice
100%
OutgoingsArgentinaSTEmiliano Sala18/19Cardiff City
100%
IncomingsArgentinaSTEmiliano Sala15/16Bordeaux
100%
OutgoingsFranceAMLudovic Blas23/24Rennes
100%
IncomingsFranceAMLudovic Blas19/20Guingamp
100%
IncomingsFranceGKAlban Lafont21/22Fiorentina
83%
OutgoingsMoroccoAMAmine Harit17/18Schalke
83%
OutgoingsBrazilCBDiego Carlos19/20Sevilla
83%
IncomingsBrazilCBDiego Carlos16/17Estoril Praia
83%
IncomingsNigeriaLWMoses Simon20/21Levante
83%
IncomingsEgyptSTMostafa Mohamed23/24Galatasaray
83%
IncomingsFranceCMMoussa Sissoko22/23Watford
83%
OutgoingsFranceCMValentin Rongier19/20Marseille
83%
OutgoingsBelgiumLWAnthony Limbombe19/20Standard Liege
67%
IncomingsBelgiumLWAnthony Limbombe18/19Club Brugge
67%
IncomingsRomaniaGKCiprian Tatarusanu17/18Fiorentina
67%
IncomingsBrazilCMDouglas Augusto23/24PAOK
67%
IncomingsFranceRBFabien Centonze22/23Metz
67%
IncomingsFranceAMFlorent Mollet22/23Schalke
67%
IncomingsColombiaCBMario Yepes01/02River Plate
67%
OutgoingsColombiaCBMario Yepes04/05Paris Saint-Germain
67%
IncomingsFranceCBNicolas Pallois17/18Bordeaux
67%
OutgoingsGuineaDMAbdoulaye Toure21/22Genoa
50%
IncomingsFranceDMAbou Ba19/20Nancy
50%
IncomingsBrazilAMAdson23/24Corinthians
50%
OutgoingsBrazilCBAndrei Girotto23/24Al-Taawoun
50%
IncomingsBrazilCBAndrei Girotto17/18Tombense
50%
IncomingsBrazilRBFabio18/19Middlesbrough
50%
OutgoingsCameroonLWGeorges-Kevin N'Koudou15/16Marseille
50%
IncomingsCameroonSTIgnatius Ganago22/23Lens
50%
OutgoingsMoroccoCMImran Louza21/22Watford
50%
OutgoingsFranceDMJeremy Toulalan06/07Lyon
50%
OutgoingsFranceCMJordan Veretout15/16Aston Villa
50%
IncomingsIcelandSTKolbeinn Sigthorsson15/16Ajax
50%
IncomingsFranceRWMarcus Coco19/20Guingamp
50%
OutgoingsFranceSTNicolas Ouedec96/97Espanyol
50%
OutgoingsSenegalCBPapy Djilobodji15/16Chelsea
50%
OutgoingsFranceAMEric Carriere01/02Lyon
33%
OutgoingsBelgiumDMGuillaume Gillet17/18Olympiacos
33%
IncomingsBelgiumDMGuillaume Gillet15/16Anderlecht
33%
OutgoingsAlgeriaLBJaouen Hadjam23/24Young Boys
33%
IncomingsMaliSTKalifa Coulibaly17/18Gent
33%
IncomingsSenegalDMLamine Diack24/25Ankaragucu
33%
OutgoingsScotlandSTMo Johnston89/90Rangers
33%
OutgoingsFranceLMReynald Pedros96/97Marseille
33%
IncomingsRomaniaSTViorel Moldovan00/01Fenerbahce
33%
IncomingsPortugalSTAriza Makukula02/03Salamanca
17%
OutgoingsPortugalSTAriza Makukula04/05Sevilla
17%
IncomingsSwedenRWChristian Wilhelmsson06/07Anderlecht
17%
OutgoingsSwedenRWChristian Wilhelmsson08/09Al-Hilal
17%
OutgoingsKenyaRWDennis Oliech08/09Auxerre
17%
IncomingsKenyaRWDennis Oliech05/06Al-Arabi
17%
OutgoingsFranceAMDimitri Payet07/08Saint-Etienne
17%
OutgoingsIvory CoastCMEmerse Fae07/08Reading
17%
OutgoingsCameroonDMEric Djemba-Djemba03/04Manchester United
17%
OutgoingsFranceLBFranck Signorino07/08Getafe
17%
IncomingsFranceLBFranck Signorino05/06Metz
17%
IncomingsIvory CoastDMGilles Yapi04/05Beveren
17%
OutgoingsIvory CoastCBKoffi Djidji19/20Torino
17%
OutgoingsBrazilCMLucas Evangelista21/22RB Bragantino
17%
IncomingsBrazilCMLucas Evangelista18/19Udinese
17%
OutgoingsBrazilLBLucas Lima19/20Al-Ahli
17%
IncomingsBrazilLBLucas Lima16/17Arouca
17%
OutgoingsArgentinaCBMauro Cetto08/09Toulouse
17%
IncomingsMaliCBMolla Wague19/20Udinese
17%
OutgoingsFranceLWOlivier Monterrubio01/02Rennes
17%
OutgoingsFranceGKRemy Riou17/18Alanyaspor
17%
IncomingsBelgiumSTRenaud Emond19/20Standard Liege
17%
OutgoingsCameroonLMSalomon Olembe02/03Marseille
17%
IncomingsFranceAMStephane Ziani01/02Bordeaux
17%
OutgoingsFranceLBSylvain Armand04/05Paris Saint-Germain
17%
IncomingsSerbiaGKVladimir Stojkovic06/07Crvena Zvezda
17%
OutgoingsSerbiaGKVladimir Stojkovic07/08Sporting CP
17%
OutgoingsMoroccoSTYacine Bammou18/19Caen
17%
OutgoingsFranceAMAntoine Sibierski00/01Lens
0%
IncomingsVenezuelaSTFernando Aristeguieta13/14Caracas
0%
IncomingsSerbiaSTFilip Djordjevic08/09Crvena Zvezda
0%
IncomingsRomaniaSTFlorin Bratu04/05Galatasaray
0%
IncomingsSenegalDMGuirane N'Daw08/09Sochaux
0%
OutgoingsSenegalDMGuirane N'Daw09/10Saint-Etienne
0%
OutgoingsSenegalDMGuirane N'Daw10/11Saint-Etienne
0%
IncomingsHaitiCBJean-Jacques Pierre05/06Penarol
0%
IncomingsParaguayCBJulio Caceres04/05Olimpia
0%
OutgoingsDenmarkCBKian Hansen15/16Midtjylland
0%
IncomingsBelgiumSTLuigi Pieroni06/07Auxerre
0%
OutgoingsMaliSTMamadou Bagayoko09/10Nice
0%
OutgoingsMaliSTMamadou Diallo07/08Qatar SC
0%
IncomingsCzech RepublicSTMarek Heinz07/08Saint-Etienne
0%
OutgoingsPolandSTMariusz Stepinski18/19Chievo Verona
0%
IncomingsPolandSTMariusz Stepinski16/17Ruch Chorzow
0%
OutgoingsFranceDMMathieu Berson04/05Aston Villa
0%
OutgoingsAlgeriaCMMehdi Abeid20/21Al-Nasr (UAE)
0%
IncomingsDenmarkCBMichael Gravgaard08/09Kobenhavn
0%
OutgoingsFranceRWRonny Rodelin11/12Lille
0%
IncomingsSerbiaAMStefan Babovic07/08OFK Beograd
0%
OutgoingsFranceDMWilliam Vainqueur11/12Standard Liege
0%

Score Distribution

Percentile by Number Answered

Percent of People with Each Score

Your Score History

You have not taken this quiz